00559nam a2200169Ia 4500008004100000020001400041040001900055041001200074082004300086100001900129245008600148260004200234300002700276504004000303650002000343700002600363131103s9999 xx 000 0 und d a192816195 aLoreto College aEnglish aC-26/823.91/823/CONbLCLIB/EnSem/37800 aConrad, Joseph aUnder western eyescJoseph Conrad; edited with an introduction by Jeremy Hawthorn aOxfordbOxford University Pressc1983 axxxii,389 p. c 18 cm. aIncludes bibliographical references aEnglish Fiction aHawthorn, Jeremy, ed.